000 00562nam a2200241 a 4500
001 nice12345678
003 IN_TiNIC
005 20260116011840.0
008 050524s1954 lona grp 000 0 eng
020 _a
_c100
082 0 0 _a226
_bKNO
100 _aKnox, Ronald
245 _aCommentary on the Gospels.
260 _aLondon
_bSheed and Ward
_c1954
300 _a284p
500 _aincludes index and biblioraphy
505 2 _aIndex
650 _aBible N.T. Gospel
700 1 _aKnox, Ronald
902 _bSRS
942 _cBK
999 _c4426
_d4426